[Event "Traum op 11th"]
[Site "Oberjoch/Allgaeu"]
[Date "2004.??.??"]
[Round "9"]
[White "Wempe, Felix"]
[Black "Wempe, Moritz"]
[Result "0-1"]
[WhiteElo "1239"]
[BlackElo "1452"]
[PlyCount "52"]
[EventDate "2004.07.16"]
[EventType "swiss"]
[EventRounds "9"]
[EventCountry "GER"]
[SourceTitle "EXT 2006"]
[Source "ChessBase"]
[SourceDate "2005.11.24"]
[SourceVersion "1"]
[SourceVersionDate "2005.11.24"]
[SourceQuality "1"]

1. e4 e5 2. Nf3 Nc6 3. Bb5 Bc5 4. c3 a6 5. Ba4 b5 6. Bc2 Ba7 7. 0-0 d6 8. d4 Bg4 9. Be3 Bxf3 10. Qxf3 exd4 11. Bb3 Nf6 12. cxd4 Nxd4 13. Bxd4 Bxd4 14. Nc3 Bxc3 15. bxc3 0-0 16. Rad1 Re8 17. Rfe1 c5 18. Bc2 Qb6 19. Re2 Rad8 20. Rde1 Qc6 21. Qg3 Re7 22. Re3 Rde8 23. e5 dxe5 24. Rxe5 Rxe5 25. Rxe5 Rxe5 26. Qxe5 Qe8 0-1

[Event "Bad Zwischenahn op 1st"]
[Site "Bad Zwischenahn"]
[Date "2004.??.??"]
[Round "9"]
[White "Wempe, Moritz"]
[Black "Wempe, Felix"]
[Result "1-0"]
[WhiteElo "1491"]
[BlackElo "1262"]
[PlyCount "83"]
[EventDate "2004.07.30"]
[EventType "swiss"]
[EventRounds "9"]
[EventCountry "GER"]
[SourceTitle "EXT 2006"]
[Source "ChessBase"]
[SourceDate "2005.11.24"]
[SourceVersion "1"]
[SourceVersionDate "2005.11.24"]
[SourceQuality "1"]

1. d4 d5 2. c4 dxc4 3. e4 Nf6 4. Nc3 e6 5. a3 Be7 6. Bxc4 0-0 7. Bg5 c5 8. dxc5 h6 9. Bxf6 Bxf6 10. Rc1 Bg5 11. Qxd8 Rxd8 12. Rd1 Rxd1+ 13. Nxd1 Nc6 14. Nf3 Be7 15. b4 e5 16. Ne3 Bf8 17. Bb3 Bd7 18. Nc4 Re8 19. Ba4 f6 20. 0-0 Rd8 21. Rd1 Nd4 22. Bxd7 Rxd7 23. Nxd4 exd4 24. Nd2 d3 25. Nb3 g6 26. Nc1 a5 27. Rxd3 Re7 28. f3 f5 29. Re3 axb4 30. axb4 Re6 31. Kf2 h5 32. exf5 Rxe3 33. Kxe3 Bh6+ 34. f4 g5 35. Nd3 Kg7 36. fxg5 Bxg5+ 37. Ke4 Kf6 38. b5 Bd2 39. c6 bxc6 40. bxc6 Ba5 41. Nf4 h4 42. c7 1-0